Formula 1 Drivers By Picture #1 - Statistics

General Stats
  • This quiz has been taken 43 times
  • The average score is 14 of 16
Answer Stats
Picture Answer % Correct
Lewis Hamilton
100%
Charles Leclerc
95%
Max Verstappen
95%
Michael Schumacher
95%
Carlos Sainz Jr
93%
Sebastian Vettel
93%
Ayrton Senna
90%
Fernando Alonso
90%
Daniel Ricciardo
88%
Kimi Raikkonen
88%
Lando Norris
88%
George Russell
83%
Nico Rosberg
79%
Alain Prost
76%
Jenson Button
69%
Nigel Mansell
55%
No matching quizzes found
Score Distribution
Percent of People with Each Score
Percentile by Number Answered
Your Score History
You have not taken this quiz